<?xml version="1.0" encoding="UTF-8"?>
<record
    xmlns:xsi="http://www.w3.org/2001/XMLSchema-instance"
    xsi:schemaLocation="http://www.loc.gov/MARC21/slim http://www.loc.gov/standards/marcxml/schema/MARC21slim.xsd"
    xmlns="http://www.loc.gov/MARC21/slim">

  <leader>04079namaa22004211i 4500</leader>
  <controlfield tag="003">OSt</controlfield>
  <controlfield tag="005">20260512130347.0</controlfield>
  <controlfield tag="008">250827s2025    ua a|||frm||| 000 0 eng d</controlfield>
  <datafield tag="040" ind1=" " ind2=" ">
    <subfield code="a">EG-GICUC</subfield>
    <subfield code="b">ara</subfield>
    <subfield code="c">EG-GICUC</subfield>
    <subfield code="d">EG-GICUC</subfield>
    <subfield code="e">rda</subfield>
  </datafield>
  <datafield tag="041" ind1="0" ind2=" ">
    <subfield code="a">ara</subfield>
    <subfield code="b">ara</subfield>
    <subfield code="b">eng</subfield>
  </datafield>
  <datafield tag="049" ind1=" " ind2=" ">
    <subfield code="a">&#x625;&#x64A;&#x62F;&#x627;&#x639;</subfield>
  </datafield>
  <datafield tag="082" ind1="0" ind2="4">
    <subfield code="a">371.334</subfield>
  </datafield>
  <datafield tag="092" ind1=" " ind2=" ">
    <subfield code="a">371.334</subfield>
    <subfield code="2">21</subfield>
  </datafield>
  <datafield tag="097" ind1=" " ind2=" ">
    <subfield code="a">&#x645;&#x640;&#x640;&#x640;&#x640;&#x627;&#x62C;&#x633;&#x62A;&#x64A;&#x631;</subfield>
  </datafield>
  <datafield tag="099" ind1=" " ind2=" ">
    <subfield code="a">Cai01.13.02.M.Sc.2025.&#x625;&#x64A;.&#x62A;</subfield>
  </datafield>
  <datafield tag="100" ind1="0" ind2=" ">
    <subfield code="a">&#x60C;&#x625;&#x64A;&#x645;&#x627;&#x646; &#x62C;&#x645;&#x627;&#x644; &#x645;&#x62D;&#x645;&#x62F; &#x639;&#x644;&#x649; &#x627;&#x644;&#x62F;&#x645;&#x627;&#x635;&#x64A;</subfield>
    <subfield code="e">&#x625;&#x639;&#x62F;&#x627;&#x62F;.</subfield>
  </datafield>
  <datafield tag="245" ind1="1" ind2="0">
    <subfield code="a">&#x62A;&#x623;&#x62B;&#x64A;&#x631; &#x62A;&#x62C;&#x631;&#x628;&#x629; &#x627;&#x644;&#x62A;&#x639;&#x644;&#x64A;&#x645; &#x627;&#x644;&#x645;&#x62F;&#x645;&#x62C; &#x639;&#x644;&#x649; &#x623;&#x62F;&#x627;&#x621; &#x627;&#x644;&#x62E;&#x631;&#x64A;&#x62C; &#x627;&#x644;&#x645;&#x639;&#x645;&#x627;&#x631;&#x649; : </subfield>
    <subfield code="b">&#x62F;&#x631;&#x627;&#x633;&#x629; &#x62D;&#x627;&#x644;&#x629; &#x633;&#x648;&#x642; &#x627;&#x644;&#x639;&#x645;&#x644; &#x627;&#x644;&#x645;&#x635;&#x631;&#x649; /</subfield>
    <subfield code="c">&#x625;&#x639;&#x62F;&#x627;&#x62F; &#x625;&#x64A;&#x645;&#x627;&#x646; &#x62C;&#x645;&#x627;&#x644; &#x645;&#x62D;&#x645;&#x62F; &#x639;&#x644;&#x649; &#x627;&#x644;&#x62F;&#x645;&#x627;&#x635;&#x64A;&#x61B; &#x625;&#x634;&#x631;&#x627;&#x641; &#x623;.&#x62F;/ &#x645;&#x62D;&#x645;&#x62F; &#x646;&#x628;&#x64A;&#x644; &#x645;&#x62D;&#x645;&#x62F; &#x63A;&#x646;&#x64A;&#x645;&#x60C; &#x62F;/ &#x634;&#x631;&#x64A;&#x641; &#x62D;&#x633;&#x64A;&#x646; &#x623;&#x62D;&#x645;&#x62F; &#x639;&#x628;&#x627;&#x633;.</subfield>
  </datafield>
  <datafield tag="246" ind1="1" ind2="5">
    <subfield code="a">The impact of blended learning approach on the performance of the architectural graduate :</subfield>
    <subfield code="b">A case study of the egyptian job market /</subfield>
  </datafield>
  <datafield tag="264" ind1=" " ind2="0">
    <subfield code="c">2025.</subfield>
  </datafield>
  <datafield tag="300" ind1=" " ind2=" ">
    <subfield code="a">134 &#x635;&#x641;&#x62D;&#x629; :</subfield>
    <subfield code="b">&#x625;&#x64A;&#x636;&#x627;&#x62D;&#x64A;&#x627;&#x62A; &#x61B; </subfield>
    <subfield code="c">30 &#x633;&#x645;. + </subfield>
    <subfield code="e">CD.</subfield>
  </datafield>
  <datafield tag="336" ind1=" " ind2=" ">
    <subfield code="a">text</subfield>
    <subfield code="2">rda content</subfield>
  </datafield>
  <datafield tag="337" ind1=" " ind2=" ">
    <subfield code="a">Unmediated</subfield>
    <subfield code="2">rdamedia</subfield>
  </datafield>
  <datafield tag="338" ind1=" " ind2=" ">
    <subfield code="a">volume</subfield>
    <subfield code="2">rdacarrier</subfield>
  </datafield>
  <datafield tag="502" ind1=" " ind2=" ">
    <subfield code="a">&#x623;&#x637;&#x631;&#x648;&#x62D;&#x629; (&#x645;&#x627;&#x62C;&#x633;&#x62A;&#x64A;&#x631;)-&#x62C;&#x627;&#x645;&#x639;&#x629; &#x627;&#x644;&#x642;&#x627;&#x647;&#x631;&#x629;&#x60C; 2025.  </subfield>
  </datafield>
  <datafield tag="504" ind1=" " ind2=" ">
    <subfield code="a">&#x628;&#x628;&#x644;&#x64A;&#x648;&#x62C;&#x631;&#x627;&#x641;&#x64A;&#x627;: &#x635;&#x641;&#x62D;&#x627;&#x62A; 124-128.</subfield>
  </datafield>
  <datafield tag="520" ind1=" " ind2=" ">
    <subfield code="a">&#x64A;&#x64F;&#x639;&#x62F; &#x627;&#x644;&#x62A;&#x639;&#x644;&#x64A;&#x645; &#x627;&#x644;&#x62C;&#x627;&#x645;&#x639;&#x64A; &#x645;&#x631;&#x62D;&#x644;&#x629; &#x623;&#x633;&#x627;&#x633;&#x64A;&#x629; &#x644;&#x625;&#x639;&#x62F;&#x627;&#x62F; &#x627;&#x644;&#x62E;&#x631;&#x64A;&#x62C;&#x64A;&#x646; &#x645;&#x647;&#x646;&#x64A;&#x627;&#x64B;&#x60C; &#x62D;&#x64A;&#x62B; &#x64A;&#x632;&#x648;&#x62F;&#x647;&#x645; &#x628;&#x627;&#x644;&#x645;&#x639;&#x631;&#x641;&#x629; &#x648;&#x627;&#x644;&#x645;&#x647;&#x627;&#x631;&#x627;&#x62A; &#x627;&#x644;&#x62F;&#x627;&#x639;&#x645;&#x629; &#x644;&#x623;&#x62F;&#x627;&#x626;&#x647;&#x645; &#x627;&#x644;&#x648;&#x638;&#x64A;&#x641;&#x64A;&#x60C; &#x648;&#x642;&#x62F; &#x634;&#x647;&#x62F;&#x62A; &#x623;&#x642;&#x633;&#x627;&#x645; &#x627;&#x644;&#x639;&#x645;&#x627;&#x631;&#x629; &#x641;&#x64A; &#x627;&#x644;&#x62C;&#x627;&#x645;&#x639;&#x627;&#x62A; &#x627;&#x644;&#x645;&#x635;&#x631;&#x64A;&#x629; &#x62A;&#x62D;&#x648;&#x644;&#x627;&#x64B; &#x645;&#x644;&#x62D;&#x648;&#x638;&#x627;&#x64B; &#x641;&#x649; &#x623;&#x646;&#x645;&#x627;&#x637; &#x627;&#x644;&#x62A;&#x62F;&#x631;&#x64A;&#x633; &#x62E;&#x644;&#x627;&#x644; &#x62C;&#x627;&#x626;&#x62D;&#x629; &#x643;&#x648;&#x641;&#x64A;&#x62F;-19&#x60C; &#x62D;&#x64A;&#x62B; &#x62A;&#x637;&#x628;&#x64A;&#x642; &#x627;&#x644;&#x62A;&#x639;&#x644;&#x64A;&#x645; &#x627;&#x644;&#x645;&#x62F;&#x645;&#x62C; &#x643;&#x627;&#x633;&#x62A;&#x62C;&#x627;&#x628;&#x629; &#x637;&#x627;&#x631;&#x626;&#x629;&#x60C; &#x648;&#x639;&#x644;&#x649; &#x627;&#x644;&#x631;&#x63A;&#x645; &#x645;&#x646; &#x627;&#x646;&#x62A;&#x647;&#x627;&#x621; &#x627;&#x644;&#x62C;&#x627;&#x626;&#x62D;&#x629;&#x60C; &#x644;&#x627; &#x62A;&#x632;&#x627;&#x644; &#x628;&#x639;&#x636; &#x627;&#x644;&#x623;&#x642;&#x633;&#x627;&#x645; &#x62A;&#x639;&#x62A;&#x645;&#x62F; &#x647;&#x630;&#x627; &#x627;&#x644;&#x646;&#x645;&#x648;&#x630;&#x62C; &#x646;&#x638;&#x631;&#x627;&#x64B; &#x644;&#x641;&#x648;&#x627;&#x626;&#x62F;&#x647; &#x627;&#x644;&#x62A;&#x639;&#x644;&#x64A;&#x645;&#x64A;&#x629;&#x60C; &#x648;&#x64A;&#x647;&#x62F;&#x641; &#x647;&#x630;&#x627; &#x627;&#x644;&#x628;&#x62D;&#x62B; &#x625;&#x644;&#x649; &#x62A;&#x642;&#x64A;&#x64A;&#x645; &#x62A;&#x623;&#x62B;&#x64A;&#x631; &#x627;&#x644;&#x62A;&#x639;&#x644;&#x64A;&#x645; &#x627;&#x644;&#x645;&#x62F;&#x645;&#x62C; &#x639;&#x644;&#x649; &#x623;&#x62F;&#x627;&#x621; &#x627;&#x644;&#x62E;&#x631;&#x64A;&#x62C;&#x64A;&#x646;&#x60C; &#x645;&#x646; &#x62E;&#x644;&#x627;&#x644; &#x62F;&#x631;&#x627;&#x633;&#x629; &#x645;&#x64A;&#x62F;&#x627;&#x646;&#x64A;&#x629; &#x62A;&#x633;&#x62A;&#x647;&#x62F;&#x641; &#x623;&#x635;&#x62D;&#x627;&#x628; &#x627;&#x644;&#x639;&#x645;&#x644; &#x641;&#x64A; &#x627;&#x644;&#x633;&#x648;&#x642; &#x627;&#x644;&#x645;&#x635;&#x631;&#x64A;&#x60C; &#x628;&#x627;&#x639;&#x62A;&#x628;&#x627;&#x631;&#x647;&#x645; &#x627;&#x644;&#x62C;&#x647;&#x627;&#x62A; &#x627;&#x644;&#x645;&#x633;&#x62A;&#x642;&#x628;&#x644;&#x629; &#x644;&#x647;&#x645;&#x60C; &#x648;&#x630;&#x644;&#x643; &#x644;&#x62A;&#x62D;&#x644;&#x64A;&#x644; &#x623;&#x62F;&#x627;&#x626;&#x647;&#x645; &#x627;&#x644;&#x641;&#x639;&#x644;&#x64A; &#x648;&#x645;&#x62F;&#x649; &#x62A;&#x623;&#x62B;&#x631;&#x647;&#x645; &#x628;&#x647;&#x630;&#x647; &#x627;&#x644;&#x62A;&#x62C;&#x631;&#x628;&#x629;.</subfield>
  </datafield>
  <datafield tag="520" ind1=" " ind2=" ">
    <subfield code="a">University education is a fundamental stage in preparing graduates professionally, as it equips them with the knowledge and skills necessary for their job performance. Architecture departments in Egyptian universities have undergone a significant transformation in teaching methods during the COVID-19 pandemic, with blended learning being implemented as an emergency response. Despite the end of the pandemic, some departments continue to adopt this model due to its educational benefits. This research aims to assess the impact of blended learning on graduates' performance through a field study targeting employers in the Egyptian market, as they are the primary recipients of these graduates. The study seeks to analyze their actual performance and the extent to which it has been influenced by this experience.</subfield>
  </datafield>
  <datafield tag="530" ind1=" " ind2=" ">
    <subfield code="a">&#x635;&#x62F;&#x631; &#x623;&#x64A;&#x636;&#x64B;&#x627; &#x643;&#x642;&#x631;&#x635; &#x645;&#x62F;&#x645;&#x62C;.</subfield>
  </datafield>
  <datafield tag="546" ind1=" " ind2=" ">
    <subfield code="a">&#x627;&#x644;&#x646;&#x635; &#x628;&#x627;&#x644;&#x639;&#x631;&#x628;&#x64A;&#x629; &#x648;&#x627;&#x644;&#x645;&#x644;&#x62E;&#x635; &#x628;&#x627;&#x644;&#x644;&#x63A;&#x629; &#x627;&#x644;&#x625;&#x646;&#x62C;&#x644;&#x64A;&#x632;&#x64A;&#x629; &#x648;&#x627;&#x644;&#x639;&#x631;&#x628;&#x64A;&#x629;.</subfield>
  </datafield>
  <datafield tag="650" ind1=" " ind2="7">
    <subfield code="a">&#x645;&#x639;&#x627;&#x644;&#x62C;&#x629; &#x627;&#x644;&#x628;&#x64A;&#x627;&#x646;&#x627;&#x62A; &#x648;&#x639;&#x644;&#x645; &#x627;&#x644;&#x62D;&#x627;&#x633;&#x628;&#x627;&#x62A; &#x627;&#x644;&#x627;&#x644;&#x643;&#x62A;&#x631;&#x648;&#x646;&#x64A;&#x629;</subfield>
    <subfield code="2">qrmak</subfield>
  </datafield>
  <datafield tag="653" ind1=" " ind2="0">
    <subfield code="a">&#x627;&#x644;&#x62A;&#x639;&#x644;&#x64A;&#x645; &#x627;&#x644;&#x645;&#x639;&#x645;&#x627;&#x631;&#x649; </subfield>
    <subfield code="a">&#x627;&#x644;&#x62A;&#x639;&#x644;&#x64A;&#x645; &#x627;&#x644;&#x645;&#x62F;&#x645;&#x62C;</subfield>
    <subfield code="a">&#x627;&#x644;&#x623;&#x62F;&#x627;&#x621; &#x627;&#x644;&#x648;&#x638;&#x64A;&#x641;&#x649;</subfield>
  </datafield>
  <datafield tag="700" ind1="0" ind2=" ">
    <subfield code="a">&#x645;&#x62D;&#x645;&#x62F; &#x646;&#x628;&#x64A;&#x644; &#x645;&#x62D;&#x645;&#x62F; &#x63A;&#x646;&#x64A;&#x645;</subfield>
    <subfield code="e">&#x645;&#x634;&#x631;&#x641; &#x623;&#x637;&#x631;&#x648;&#x62D;&#x629;.</subfield>
  </datafield>
  <datafield tag="700" ind1="0" ind2=" ">
    <subfield code="a">&#x634;&#x631;&#x64A;&#x641; &#x62D;&#x633;&#x64A;&#x646; &#x623;&#x62D;&#x645;&#x62F; &#x639;&#x628;&#x627;&#x633;</subfield>
    <subfield code="e">&#x645;&#x634;&#x631;&#x641; &#x623;&#x637;&#x631;&#x648;&#x62D;&#x629;.</subfield>
  </datafield>
  <datafield tag="900" ind1=" " ind2=" ">
    <subfield code="b">21-01-2025</subfield>
    <subfield code="c">&#x645;&#x62D;&#x645;&#x62F; &#x646;&#x628;&#x64A;&#x644; &#x645;&#x62D;&#x645;&#x62F; &#x63A;&#x646;&#x64A;&#x645;</subfield>
    <subfield code="c">&#x634;&#x631;&#x64A;&#x641; &#x62D;&#x633;&#x64A;&#x646; &#x623;&#x62D;&#x645;&#x62F; &#x639;&#x628;&#x627;&#x633;</subfield>
    <subfield code="d">&#x637;&#x627;&#x631;&#x642; &#x625;&#x628;&#x631;&#x627;&#x647;&#x64A;&#x645; &#x646;&#x635;&#x631; &#x627;&#x644;&#x62F;&#x64A;&#x646; </subfield>
    <subfield code="d">&#x62E;&#x627;&#x644;&#x62F; &#x639;&#x628;&#x62F; &#x627;&#x644;&#x639;&#x632;&#x64A;&#x632; &#x639;&#x62B;&#x645;&#x627;&#x646;</subfield>
    <subfield code="U">&#x62C;&#x627;&#x645;&#x639;&#x629; &#x627;&#x644;&#x642;&#x627;&#x647;&#x631;&#x629; </subfield>
    <subfield code="F">&#x643;&#x644;&#x64A;&#x629; &#x627;&#x644;&#x647;&#x646;&#x62F;&#x633;&#x629;</subfield>
    <subfield code="D">&#x642;&#x633;&#x645; &#x627;&#x644;&#x647;&#x646;&#x62F;&#x633;&#x629; &#x627;&#x644;&#x645;&#x639;&#x645;&#x627;&#x631;&#x64A;&#x629; </subfield>
  </datafield>
  <datafield tag="905" ind1=" " ind2=" ">
    <subfield code="a">Sara</subfield>
  </datafield>
  <datafield tag="942" ind1=" " ind2=" ">
    <subfield code="2">ddc</subfield>
    <subfield code="c">TH</subfield>
    <subfield code="e">21</subfield>
    <subfield code="n">0</subfield>
  </datafield>
  <datafield tag="999" ind1=" " ind2=" ">
    <subfield code="c">180111</subfield>
  </datafield>
  <datafield tag="952" ind1=" " ind2=" ">
    <subfield code="2">ddc</subfield>
    <subfield code="9">318005</subfield>
    <subfield code="a">CUCL</subfield>
    <subfield code="b">cl210</subfield>
    <subfield code="d">2026-05-12</subfield>
    <subfield code="i">33202</subfield>
    <subfield code="o">Cai01.13.02.M.Sc.2025.&#x625;&#x64A;.&#x62A;</subfield>
    <subfield code="p">01010100033202000</subfield>
    <subfield code="r">2026-05-12 12:04:26</subfield>
    <subfield code="w">2026-05-12</subfield>
    <subfield code="y">TH</subfield>
  </datafield>
</record>
